| 000 | 00601cam a22001577a 4500 | ||
|---|---|---|---|
| 008 | 180718b2010 xxu||||| |||| 00| 0 eng d | ||
| 082 | _aL23x54 N213b | ||
| 245 |
_aBest practices on property tax reforms in India _cby National Institute of Urban Affairs |
||
| 260 |
_aNew Delhi _bNational Institute of Urban Affairs _c2010 |
||
| 300 | _a156+p. | ||
| 650 | _aTax collection --India --Statistics | ||
| 650 | _aTax assessment --India --Statistics | ||
| 650 | _aTax assessment --India | ||
| 650 | _aJawaharlal Nehru National Urban Renewal Mission (India) | ||
| 700 | _aNational Institute of Urban Affairs | ||
| 999 |
_c502281 _d502281 |
||